000 00533cam a2200169 4500500
005 20260405003142.0
041 _afre
042 _adc
100 1 0 _aTenaillon, Nicolas
_eauthor
245 0 0 _aDictionnaire amoureux de Montaigne
260 _c2020.
500 _a78
690 _aAndré Comte-Sponville
690 _aMontaigne
786 0 _nPhilosophie magazine | 143 | 10 | 2020-10-01 | p. 72-73 | 1951-1787
856 4 1 _uhttps://shs.cairn.info/magazine-philosophie-magazine-2020-10-page-72?lang=fr&redirect-ssocas=7080
999 _c2064871
_d2064870